| 000 | 00672nam a2200229Ia 4500 | ||
|---|---|---|---|
| 008 | 180523s9999 xx 000 0 und d | ||
| 020 | _a0-910627-47-9 | ||
| 050 | _aMAIN TX 925 | ||
| 050 | _b.A73 2005 | ||
| 100 | _aArduser, Lora. | ||
| 245 | 4 | _aThe Waiter & waitress and waitstaff training handbook : | |
| 245 | 2 | _ba complete guide to the proper steps in service for food & beverage employees / | |
| 245 | 0 | _cLora Arduser & Douglas R. Brown. | |
| 260 | _aUSA : | ||
| 260 | _bAtlantic Pub. Group Inc., | ||
| 260 | _c2005 | ||
| 300 | _a284 pages : | ||
| 300 | _billustrations ; | ||
| 300 | _c23 cm. | ||
| 500 | _aIncludes index. | ||
| 650 | _aTable service | ||
| 999 |
_c357813 _d357813 |
||